000 00500nam a2200169Ia 4500
999 _c29900
_d29900
003 OSt
005 20210107144152.0
008 190216s9999||||xx |||||||||||||| ||und||
040 _coclc
082 _a894.8128
_bCHA/M
100 _aChandrasekaran, M R
_97806
245 0 _aMalayalanovel Innum Innaleyum /
_cM R Chandrasekaran
260 _bSamayam Publications,
_aKannur:
_c2007.
300 _a158p
650 _aPadanam
942 _cBK
_2ddc
_h894.8128
_iCHA/M
_k894.8128
_mCHA/M